000 01227nam a2200277 a 4500
001 000041313
003 DO-SdBNP
005 20240229073823.0
008 130930s1998 dr r f000 0 spa d
040 _aDO-SdBNP
_bspa
_cBNPHU
082 4 _a341.48
_bR426d
110 1 _aRepública Dominicana.
_bSecretaría de Estado de Relaciones Exteriores,
_92256
245 1 0 _aDerechos humanos :
_brecopilación de tratados, leyes, decretos, reglamentos y resoluciones vigentes en la República Dominicana /
_cprólogo Jorge A. Subero Isa ; edición Ana E. Martínez.
260 _aSanto Domingo :
_bSecretaría de Estado de Relaciones Exteriores,
_c1998.
300 _a799 p. ;
_c23 cm.
500 _aIncluye índice cronológico.
504 _aIncluye referencias bibliográficas y notas al pie de páginas.
590 _aInventariado, 2018/BT
650 4 _aDerechos humanos
_xLegislación
_zRepública Dominicana
_967937
650 4 _aDerechos civiles
_xLegislación
_zRepública Dominicana
_967938
651 4 _aRepública Dominicana
_xLegislación
_910538
700 1 _aSubero Isa, Jorge A.,
_d1947-
_epról.
_976863
700 1 _aMartínez, Ana E.,
_eed.
_92505
910 _aValidado. Control de calidad. EMS
942 _2ddc
_cLBS1
999 _c40803
_d40803